00629nam a22001937a 450000500170000001000150001702000110003203500130004303700130005608200080006910000210007724500620009826000520016027000320021230000550024450000680029965000320036771000360039920151020121741.0 aENG-114016 c730.00 aEN-97548 bDBAD/PUB a934 aDhavalikar, M.K. aSocio-economic archaeology of India /cby M.K. Dhavalikar aNew DelhibArchaeological Survey of Indiac2014 aJanpathbNew Delhie 110001 axiv,309p.:c29cm(Hb)bill.(chiefly col.),col. maps a Includes bibliographical references (pages 277-302) and index. aSocial archaeology zIndia. aArchaeological Survey of India.